Loading...

Principles of Physics

Bibliografiske detaljer
Hovedforfatter: Walker,Jearl
Andre forfattere: David Halliday, Robert Resnick
Format: Printed Book
Udgivet: Delhi Wiley 2014
Udgivelse:10th
Fag:
LEADER 00539nam a22001937a 4500
020 |a 9788126552566 
082 |a 530  |b WAL 
100 |a Walker,Jearl 
245 |a Principles of Physics 
250 |a 10th 
260 |a Delhi  |b Wiley  |c 2014 
300 |a xxii,I-22 
650 |a Mass 
650 |a Kinetic Energy 
700 |a David Halliday 
700 |a Robert Resnick 
942 |c BK 
999 |c 129100  |d 129096 
952 |0 0  |1 0  |4 0  |6 530_000000000000000_WAL  |7 0  |8 NFIC  |9 127687  |a SPAP  |b SPAP  |c GEN  |d 2017-08-23  |l 0  |o 530 WAL  |p SPAP3942  |r 2017-08-23  |w 2017-08-23  |y BK